The Body of Christ: our meeting with Jesus

Salvato in:
Dettagli Bibliografici
Autore principale: Venard Pfeiffer, Marie (Autore)
Natura: Libro
Lingua:inglese
Pubblicazione: Nueva York W. H. Sadlier Inc. 1972
Serie:Our Life with God
Soggetti:
Tags: Aggiungi Tag
Nessun Tag, puoi essere il primo ad aggiungerne!!

MARC

LEADER 00000cam a2200000 a 4500
001 UCF4970
003 CL-VaPUC
008 130110e19720000US |||||||||||||||||eng|d
082 0 4 |a 268.6  |b VEN  |2 21 
100 0 |a Venard Pfeiffer, Marie  |e author  |9 566689 
245 1 4 |a The Body of Christ: our meeting with Jesus 
300 |a 48 p 
942 |c BK 
945 |d 20130110 00:00:00  |a dcastane 
260 |a Nueva York  |b W. H. Sadlier Inc.  |c 1972 
650 0 |a Catequesis  |9 314526 
583 |a last modification  |c 20130110 11:00:00  |k Rodrigo Vera 
490 0 |a Our Life with God 
999 |c 350628  |d 350626 
952 |0 0  |1 0  |4 0  |6 268_600000000000000_VEN_1972  |7 0  |8 P  |9 454166  |a BIBEDU  |b BIBEDU  |c BIBEDU_PB  |d 2019-11-22  |i 4935756  |o 268.6 VEN 1972  |p 4935756  |r 2024-01-25  |w 2019-11-22  |y BK  |k LIT